|
|
|
|
| LEADER |
00688nam a2200193Ia 4500 |
| 001 |
CTU_121893 |
| 008 |
210402s9999 xx 000 0 und d |
| 082 |
|
|
|a 620.00420285
|
| 082 |
|
|
|b L451
|
| 100 |
|
|
|a Nguyễn, Hữu Lộc.
|
| 245 |
|
0 |
|a Thiết kế mô hình ba chiều với Mechanical Desktop
|
| 245 |
|
0 |
|c Nguyễn Hữu Lộc ; Lê Văn Sỹ
|
| 260 |
|
|
|a Thành phố Hồ Chí Minh
|
| 260 |
|
|
|b Tổng hợp Thành phố Hồ Chí Minh
|
| 260 |
|
|
|c 2005
|
| 650 |
|
|
|a Mechanical Destop,Computer graphics,Mechanical drawing
|
| 650 |
|
|
|x Data processing
|
| 904 |
|
|
|i Minh
|
| 980 |
|
|
|a Trung tâm Học liệu Trường Đại học Cần Thơ
|